000 00440nam a2200157 4500
001 140515
003 ES-MaACL
005 20230906200109.0
007 t|
008 070214s1980 ja r ||||1| spa d
100 1 _aSeara Vázquez, Modesto.
_9104985
245 1 3 _aLa política exterior de México /
_cModesto Seara Vázquez.
260 _a[Kioto :
_bs.n.],
_c1980.
300 _a232 p. ;
_c19 cm.
852 _aES-MaACL
_jL-4367
_bR.104740
999 _c140515
_d140515